Eu4 Acronyms - Statistics

General Stats
  • This quiz has been taken 163 times
  • The average score is 8 of 11
Answer Stats
Hint Answer % Correct
HRE Holy Roman Empire
98%
CB Casus Belli
91%
PU Personal Union
90%
AE Aggressive Expansion
81%
WC World Conquest
81%
OPM One Province Minor
80%
PLC Polish-Lithuanian Commonwealth | Polish Lithuanian Commonwealth | The Commonwealth | Poland-Lithuania | Poland Lithuania
73%
FOW Fog of War
60%
CCR Core Creation Cost
41%
PP/MP Power Points | Monarch Points
40%
OE Overextention
19%
No matching quizzes found
Score Distribution
Percent of People with Each Score
Percentile by Number Answered
Your Score History
You have not taken this quiz